| 000 | 00831nam a22001817a 4500 | ||
|---|---|---|---|
| 005 | 20120409123028.0 | ||
| 020 |
_c550.00 _a8179100030 |
||
| 035 | _aB-74620 | ||
| 037 |
_b _adpl |
||
| 082 | _a343.071 | ||
| 100 |
_aखंडेला, मान चंद _944868 |
||
| 245 | 1 |
_aउपभोक्ता संरक्षण कानून एवं व्यवहार / _cमान चंद खंडेला |
|
| 260 |
_aजयपुर _bआविष्कार पब्लिशर्स _c2002 |
||
| 270 |
_a _b _e _k |
||
| 300 |
_a287पृ. _c22सेमी (सजिल्द) |
||
| 942 |
_adpl _cHN _k _2ddc _h343.071 _mखंडेला |
||
| 999 |
_c64781 _d64781 |
||